| 000 | 01311nam2a22002891 4500 | ||
|---|---|---|---|
| 001 | v19\rc\1579647 | ||
| 005 | 20250618201830.0 | ||
| 035 | _a(NLR Aleph) 004691725 | ||
| 090 |
_a3944179 _c3944179 |
||
| 100 | _a20061002d1905 |||y0rusy50 ca | ||
| 101 | 0 | _arus | |
| 102 | _aRU | ||
| 105 | _ay z ||||| | ||
| 200 | 0 | _aна 7-е, 8-е декабря 1904 г. | |
| 210 |
_d[1905] _aБ. м. |
||
| 215 | _a18 с. | ||
| 461 | 0 |
_1001v19\rc\1579615 _12001#$aПротоколы общих собраний Имп. Российского общества рыбоводства и рыболовства...$vна 7-е, 8-е декабря 1904 г. _93943787 _aРоссийское о-во рыбоводства и рыболовства _cСанкт-Петербург _d[1883]-[1917] _tПротоколы общих собраний Имп. Российского общества рыбоводства и рыболовства... _vна 7-е, 8-е декабря 1904 г. |
|
| 801 | 0 |
_aRU _bNLR _gpsbo |
|
| 801 | 0 |
_aRU _bRuMoRGB _2psbo |
|
| 801 | 1 |
_aRU _bProSoft-M _2rusmarc |
|
| 852 |
_aNLR _j34.50.3.615 |
||
| 899 |
_aRuMoRGB (1889-1916*) _jA 266/574 |
||
| 899 |
_aRuMoRGB (1889-1916*) _jA 266/574а |
||
| 899 |
_aRuMoRGB (1889-1916*) _jЯ 105/57 |
||
| 899 |
_aRuMoRGB (1889-1916*) _jU 317/97 |
||
| 942 | _cBOOK | ||
| 980 | _aNB | ||